[Event "English Online Blitz Gp1"]
[Site "chess.com INT"]
[Date "2020.05.09"]
[Round "10"]
[White "Pert, Richard G"]
[Black "Harvey, Marcus R"]
[Result "1-0"]
[WhiteTitle "IM"]
[BlackTitle "FM"]
[WhiteElo "2416"]
[BlackElo "2440"]
[WhiteFideId "404748"]
[BlackFideId "400092"]
[EventDate "2020.05.09"]
[EventType "blitz"]

1. d4 Nf6 2. Bg5 e6 3. e4 h6 4. Bxf6 Qxf6 5. c3 d6 6. Bd3 e5 7. Ne2 Nc6 8. O-O
g5 9. Bb5 a6 10. Qa4 Bd7 11. d5 Nb8 12. Bxd7+ Nxd7 13. Ng3 h5 14. Na3 g4 15. f3
Qg6 16. Nf5 Rg8 17. fxg4 O-O-O 18. Qc2 Qxg4 19. Nc4 Nc5 20. Rae1 Kb8 21. b4 Nd7
22. Nce3 Qg6 23. Rf3 Qh7 24. Ref1 Bh6 25. Nxh6 Qxh6 26. Nf5 Qh7 27. c4 Rg4 28.
h3 Rg5 29. c5 Rdg8 30. R1f2 h4 31. c6 Nb6 32. cxb7 f6 33. a4 Qh5 34. a5 Nd7 35.
Ne7 R8g7 36. Nc6+ Kxb7 37. Nd8+ Kc8 38. Ne6 R5g6 39. Qxc7# 1-0

[Event "English Online Blitz Gp1"]
[Site "chess.com INT"]
[Date "2020.05.09"]
[Round "10"]
[White "Cooper, Lawrence H"]
[Black "Storey, Charles H"]
[Result "1-0"]
[WhiteTitle "IM"]
[BlackTitle "FM"]
[WhiteElo "2331"]
[BlackElo "2220"]
[WhiteFideId "401536"]
[BlackFideId "406686"]
[EventDate "2020.05.09"]
[EventType "blitz"]

1. d4 g6 2. Nf3 Bg7 3. c3 d5 4. Bf4 c6 5. e3 Bf5 6. h3 Qb6 7. Qb3 Nd7 8. c4 Ngf6
9. Nc3 e6 10. c5 Qxb3 11. axb3 a6 12. b4 Rc8 13. Nd2 h6 14. g4 g5 15. gxf5 gxf4
16. fxe6 fxe6 17. Nb3 Kd8 18. Na5 Kc7 19. Bd3 h5 20. Rg1 Bh6 21. Ke2 Rcg8 22.
Kf3 fxe3 23. fxe3 e5 24. Bf5 Rf8 25. Bxd7 Nxd7+ 26. Ke2 exd4 27. exd4 Re8+ 28.
Kd1 Rhf8 29. Kc2 Rf2+ 30. Kb3 Rf3 31. Rg6 Be3 32. Nxc6 bxc6 33. Rxa6 Nb8 34.
Ra7+ Kc8 35. Na4 Bf4+ 36. Ka2 Bc7 37. Rg7 Bd8 38. Ra8 Be7 39. Ra7 Re3 40. Nb6+
Kd8 41. Rb7 Rf8 42. Rxb8+ Kc7 43. Rxf8 1-0

[Event "English Online Blitz Gp1"]
[Site "chess.com INT"]
[Date "2020.05.09"]
[Round "10"]
[White "Payne, Matthew J"]
[Black "Okhai, Shabir"]
[Result "0-1"]
[WhiteElo "2150"]
[BlackElo "2099"]
[WhiteFideId "417084"]
[BlackFideId "445134"]
[EventDate "2020.05.09"]
[EventType "blitz"]

1. e4 e5 2. Nf3 Nc6 3. d4 exd4 4. Nxd4 Bc5 5. Nxc6 Qf6 6. Qf3 bxc6 7. Nd2 a5 8.
a4 d6 9. Nb3 Bb6 10. c4 Ba6 11. Qxf6 Nxf6 12. f3 O-O 13. Bd2 Rfb8 14. Nxa5 Bxa5
15. Bxa5 Rxb2 16. Bxc7 Ne8 17. O-O-O Ra2 18. Bxd6 Rxa4 19. c5 Ra1+ 20. Kc2 Bxf1
21. Rhxf1 R1a2+ 22. Kc1 Rxg2 23. Be5 f6 24. Bc3 Raa2 25. Rd8 Rac2+ 26. Kb1 Rxc3
27. Rxe8+ Kf7 28. Rb8 Rxc5 29. Rb7+ Kg6 30. h4 Rcc2 31. f4 Rce2 32. Re7 c5 33.
e5 fxe5 34. fxe5 c4 35. Rc7 Rb2+ 36. Kc1 Ra2 37. Kb1 Rgb2+ 38. Kc1 Rc2+ 39. Kd1
c3 40. Rg1+ Kh5 41. Rd7 Rcb2 42. Ke1 Ra1+ 43. Rd1 Rxd1+ 44. Kxd1 Rb1+ 45. Kc2
Rxg1 46. Kxc3 Kxh4 0-1

[Event "English Online Blitz Gp1"]
[Site "chess.com INT"]
[Date "2020.05.09"]
[Round "10"]
[White "Ghasi, Ameet K"]
[Black "Reimanis, Ritvars"]
[Result "1-0"]
[WhiteTitle "IM"]
[BlackTitle "FM"]
[WhiteElo "2485"]
[BlackElo "2421"]
[WhiteFideId "409200"]
[BlackFideId "11602988"]
[EventDate "2020.05.09"]
[EventType "blitz"]

1. Nf3 Nf6 2. g3 e6 3. Bg2 d5 4. O-O Be7 5. d3 O-O 6. Nbd2 Nbd7 7. e4 e5 8. exd5
Nxd5 9. Re1 f6 10. d4 exd4 11. Nxd4 Ne5 12. c3 Bc5 13. Ne4 Bb6 14. Qb3 Kh8 15.
h3 c6 16. a4 Nd3 17. Rd1 Nc5 18. Nxc5 Bxc5 19. Qc4 Bxd4 20. Qxd4 Be6 21. a5 Qc8
22. Qh4 b6 23. Re1 Bg8 24. Bd2 Qd7 25. c4 Ne7 26. Bb4 Ng6 27. Qe4 Rfc8 28. h4 c5
29. Bc3 Rab8 30. h5 Nf8 31. h6 Re8 32. hxg7+ Kxg7 33. Qf4 Qf7 34. axb6 Rxe1+ 35.
Rxe1 Rxb6 36. Bd5 Ne6 37. Qg4+ Qg6 38. Qh4 Ng5 39. Bg2 Bxc4 40. Qxc4 h5 41. Qxc5
h4 42. Qe7+ Nf7 43. Re3 Rb5 44. Be4 Rg5 45. Bxg6 1-0

[Event "English Online Blitz Gp1"]
[Site "chess.com INT"]
[Date "2020.05.09"]
[Round "10"]
[White "Rendle, Thomas E"]
[Black "Paul, Nathanael"]
[Result "1-0"]
[WhiteTitle "IM"]
[WhiteElo "2365"]
[BlackElo "1993"]
[WhiteFideId "408760"]
[BlackFideId "424510"]
[EventDate "2020.05.09"]
[EventType "blitz"]

1. e4 c6 2. Nf3 d5 3. Nc3 dxe4 4. Nxe4 Nf6 5. Qe2 Nxe4 6. Qxe4 Nd7 7. Bc4 Nf6 8.
Ne5 e6 9. Qe2 Bd6 10. d4 O-O 11. O-O Qc7 12. Bd3 b5 13. a4 b4 14. Bg5 Be7 15.
Qf3 Bb7 16. Qh3 g6 17. Rae1 c5 18. dxc5 Qxc5 19. Bxf6 Bxf6 20. Nd7 Qg5 21. Nxf8
Rxf8 22. b3 Bc3 23. Re2 a5 24. Qg3 Qc5 25. Bc4 Rd8 26. Re3 Bd4 27. Rd3 Be4 28.
Rd2 Rf8 29. Qf4 Bc3 30. Rd7 Qc6 31. Rc7 Qa8 32. f3 Bd5 33. Rd1 Bxc4 34. Qxc4 Kg7
35. h4 Rd8 36. Rdd7 Rxd7 37. Rxd7 Qb8 38. Qxe6 Qf4 39. Qe4 Qc1+ 40. Kh2 Qh6 41.
Qc4 Qe3 42. Qxf7+ Kh6 43. Qxh7# 1-0

[Event "English Online Blitz Gp1"]
[Site "chess.com INT"]
[Date "2020.05.09"]
[Round "10"]
[White "Zabrocki, Philip"]
[Black "Sedykh, Mikhail"]
[Result "0-1"]
[WhiteElo "1948"]
[BlackElo "2119"]
[WhiteFideId "426873"]
[BlackFideId "447498"]
[EventDate "2020.05.09"]
[EventType "blitz"]

1. e4 e5 2. f4 exf4 3. Nf3 Ne7 4. d4 d5 5. Nc3 dxe4 6. Nxe4 Nd5 7. Bc4 Be7 8.
O-O O-O 9. Ne5 Bf5 10. Bd3 Bxe4 11. Bxe4 f5 12. Bf3 Bf6 13. c3 c6 14. Qb3 Bxe5
15. dxe5 Qb6+ 16. Qxb6 Nxb6 17. Bxf4 N8d7 18. e6 Nf6 19. Bd1 Rfe8 20. Bb3 Nbd5
21. c4 Nxf4 22. Rxf4 g6 23. c5 Kg7 24. Rd1 Rad8 25. Rfd4 Rxd4 26. Rxd4 Re7 27.
Rd6 Ne4 28. Rd7 Kf6 29. Rxe7 Kxe7 30. Kf1 Nd2+ 31. Ke2 Nxb3 32. axb3 Kxe6 33.
Ke3 g5 34. Kd4 h6 35. b4 h5 36. b3 a6 37. g3 Kf6 38. h3 Ke6 39. h4 gxh4 40. gxh4
Kf6 41. Kd3 Ke5 42. Ke3 f4+ 43. Kf2 Kf5 44. Kf3 Ke5 45. Kf2 Ke4 46. Ke2 f3+ 47.
Kf1 Kf4 48. Kf2 Kg4 49. Kf1 0-1

[Event "English Online Blitz Gp1"]
[Site "chess.com INT"]
[Date "2020.05.09"]
[Round "10"]
[White "Starley, Robert"]
[Black "Baker, Chris W"]
[Result "0-1"]
[BlackTitle "IM"]
[WhiteElo "2084"]
[BlackElo "2227"]
[WhiteFideId "421006"]
[BlackFideId "401676"]
[EventDate "2020.05.09"]
[EventType "blitz"]

1. e4 e6 2. d4 d5 3. e5 c5 4. c3 Nc6 5. Nf3 Bd7 6. a3 a5 7. Bd3 Nh6 8. Bxh6 gxh6
9. Nbd2 Qb6 10. dxc5 Bxc5 11. O-O Qxb2 12. Rb1 Qxc3 13. Qe2 Nd4 14. Nxd4 Bxd4
15. Nf3 Ba7 16. Rfc1 Qxa3 17. Bb5 Bxb5 18. Qxb5+ Kf8 19. Qxb7 Kg7 20. Rc7 Rhf8
21. Rxf7+ Rxf7 22. Qxa8 Bxf2+ 23. Kxf2 Qa2+ 24. Kg3 Qxb1 25. Qxa5 Qe4 26. Qc3 h5
27. h3 h4+ 28. Kh2 Qf4+ 29. Kg1 Rb7 30. Qe1 Qg3 31. Qc1 Ra7 32. Qb1 d4 33. Ne1
Qxe5 34. Nd3 Qe3+ 35. Kh2 Rf7 36. Nc5 Qg3+ 37. Kg1 Qe3+ 38. Kh1 e5 39. Ne6+ Kh6
40. Nc5 e4 41. Nxe4 d3 42. Nd6 Rf6 43. Ne8 Re6 44. Nc7 Qe1+ 45. Qxe1 Rxe1+ 46.
Kh2 d2 0-1

[Event "English Online Blitz Gp1"]
[Site "chess.com INT"]
[Date "2020.05.09"]
[Round "10"]
[White "Willow, Jonah B"]
[Black "Kalavannan, Koby"]
[Result "1-0"]
[WhiteTitle "FM"]
[BlackTitle "FM"]
[WhiteElo "2386"]
[BlackElo "2324"]
[WhiteFideId "438804"]
[BlackFideId "425753"]
[EventDate "2020.05.09"]
[EventType "blitz"]

1. e4 c5 2. Nf3 Nc6 3. g3 g6 4. Bg2 Bg7 5. O-O d5 6. exd5 Qxd5 7. Nc3 Qd8 8. d3
Nh6 9. Be3 Nd4 10. Ne4 Qc7 11. c3 Ne6 12. Nfg5 Nxg5 13. Bxg5 Nf5 14. Bf4 e5 15.
Bg5 O-O 16. Nf6+ Kh8 17. Nd5 Qd6 18. c4 f6 19. Be3 Nd4 20. Rb1 a5 21. Nc3 Rb8
22. a3 b6 23. b4 axb4 24. axb4 cxb4 25. Bxd4 exd4 26. Nd5 Bb7 27. Nxb4 Bxg2 28.
Kxg2 f5 29. Nd5 b5 30. Qf3 bxc4 31. dxc4 Be5 32. Qd3 Rfc8 33. Rfc1 Qc6 34. f3
Rxb1 35. Qxb1 Qc5 36. Qd3 Rb8 37. Re1 Qd6 38. f4 Bf6 39. Rb1 Rxb1 40. Qxb1 Qc6
41. Qb5 Qd6 42. Kf2 Kg7 43. Qb7+ Kh6 44. c5 Qxc5 45. Nxf6 Qc2+ 46. Kf3 Qd1+ 47.
Kg2 Qe2+ 48. Kh3 Qf1+ 49. Kh4 g5+ 50. fxg5+ Kg6 51. Qxh7# 1-0

[Event "English Online Blitz Gp1"]
[Site "chess.com INT"]
[Date "2020.05.09"]
[Round "10"]
[White "Burnett, Leon P"]
[Black "Damodaran, Patrick"]
[Result "1-0"]
[WhiteElo "1834"]
[BlackElo "1498"]
[WhiteFideId "444448"]
[BlackFideId "465429"]
[EventDate "2020.05.09"]
[EventType "blitz"]

1. c4 e5 2. g3 Nf6 3. Bg2 c6 4. d4 e4 5. Nc3 d5 6. cxd5 cxd5 7. Bg5 Nc6 8. e3
Be7 9. Nge2 h6 10. Bxf6 Bxf6 11. Qb3 Ne7 12. Nf4 Be6 13. Nxe6 fxe6 14. Qxb7 Rb8
15. Qa6 Rb6 16. Qa4+ Kf7 17. b3 Qc7 18. Rc1 Rc6 19. Kd2 a6 20. Ne2 Rxc1 21. Rxc1
Qb7 22. Bf1 a5 23. Nf4 g5 24. Nh5 Ra8 25. Nxf6 Kxf6 26. Qb5 Qxb5 27. Bxb5 Rb8
28. a4 Nc8 29. Kc3 Nd6 30. Be2 Rc8+ 31. Kb2 Rb8 32. Rc6 Ke7 33. Rc7+ Kf6 34. Ra7
Nc4+ 35. Kc3 Nd6 36. Rxa5 Rc8+ 37. Kb2 Rb8 38. Ka3 Rc8 39. Ra6 Ne8 40. Bb5 Nc7
41. Rc6 Nxb5+ 42. axb5 Ra8+ 43. Kb4 Rb8 44. Kc5 Ke7 45. Rc7+ Kf6 46. b6 Ra8 47.
b7 Rb8 48. Kb6 Kg6 49. Rc8 Rxc8 50. bxc8=Q e5 51. dxe5 d4 52. exd4 e3 53. Qe6+
Kh5 54. fxe3 g4 55. Qf5# 1-0

[Event "English Online Blitz Gp1"]
[Site "chess.com INT"]
[Date "2020.05.09"]
[Round "10"]
[White "Neale, George"]
[Black "Miller, George"]
[Result "0-1"]
[WhiteElo "1734"]
[BlackElo "1815"]
[WhiteFideId "443174"]
[BlackFideId "343114090"]
[EventDate "2020.05.09"]
[EventType "blitz"]

1. d4 d5 2. c4 e5 3. dxe5 d4 4. Bd2 Nc6 5. Nf3 Nge7 6. g3 Ng6 7. Bg2 Be6 8. b3
Ngxe5 9. Nxe5 Nxe5 10. Bxb7 d3 11. Bxa8 Qxa8 12. O-O Bh3 13. f3 Bc5+ 14. Kh1 O-O
15. exd3 Nxd3 16. Qe2 Bxf1 17. Qxf1 Nf2+ 18. Kg2 h5 19. Nc3 h4 20. gxh4 Qc6 21.
Ne4 Nxe4 22. fxe4 Qxe4+ 23. Qf3 Qxh4 24. Rf1 Bd6 25. Bf4 Bxf4 26. Qxf4 Qxf4 27.
Rxf4 Rd8 28. Rf2 Rd3 29. Re2 Kf8 30. b4 Rd4 31. Rc2 Ke7 32. a3 f5 33. c5 Rd3 34.
a4 Rb3 35. b5 Rb4 36. Ra2 Rc4 37. c6 Kd6 38. Kf3 g5 39. Ke3 Kc5 40. Rg2 g4 41.
Rf2 Re4+ 42. Kd3 Re5 43. Rf4 Kb6 44. Rd4 Ka5 45. Rd7 Kxa4 46. Rxc7 Kxb5 47. Rc8
Rc5 48. c7 Kb6 49. Rf8 Kxc7 50. Kd4 Ra5 51. Rh8 Kd7 52. h4 gxh3 53. Rxh3 Ke6 54.
Re3+ Kf6 55. Rf3 Kg5 56. Kc4 Kg4 57. Rf1 f4 58. Kb4 Ra2 59. Kc3 Kg3 60. Kd3 f3
61. Ke3 f2 62. Rc1 Kg2 0-1

[Event "English Online Blitz Gp1"]
[Site "chess.com INT"]
[Date "2020.05.09"]
[Round "10"]
[White "Horton, Andrew P"]
[Black "Jones, Gawain C B"]
[Result "1-0"]
[WhiteTitle "IM"]
[BlackTitle "GM"]
[WhiteElo "2375"]
[BlackElo "2670"]
[WhiteFideId "424269"]
[BlackFideId "409561"]
[EventDate "2020.05.09"]
[EventType "blitz"]

1. Nf3 g6 2. c4 Bg7 3. g3 c5 4. Bg2 Nc6 5. Nc3 d6 6. O-O e6 7. e3 Nge7 8. d4 O-O
9. Ne2 b6 10. b3 cxd4 11. Nexd4 Bb7 12. Bb2 Nxd4 13. Bxd4 Nf5 14. Bxg7 Kxg7 15.
Nd4 Bxg2 16. Nxf5+ gxf5 17. Kxg2 Qe7 18. Qf3 Rad8 19. Rfd1 Rd7 20. Rd4 Rc8 21.
Rad1 Kh8 22. Qh5 Qf8 23. Qg5 f6 24. Qh5 Rcd8 25. Qf3 Rc7 26. R4d2 a5 27. Qf4 Rc6
28. e4 fxe4 29. Qxe4 Qe8 30. Re2 e5 31. Red2 Qd7 32. h4 Rc7 33. Qf3 Qe6 34. Rd5
Rcd7 35. Rb5 Rb8 36. Qe3 Rdb7 37. Rd2 f5 38. Rbd5 f4 39. Qd3 fxg3 40. Rxd6 Qg4
41. fxg3 Rg8 42. Rd8 Rg7 43. Rxg8+ Rxg8 44. Qf3 Qxh4 45. Re2 Qg5 46. Qe3 Qxe3
47. Rxe3 Rg5 48. Rd3 h5 49. Kf3 Rg4 50. Rd5 e4+ 51. Kf2 Kg7 52. Rxh5 e3+ 53.
Kxe3 Rxg3+ 54. Kd4 Rg2 55. a4 Rg6 56. Rf5 Rd6+ 57. Kc3 Rc6 58. c5 Kg6 59. Rd5
Kf7 60. Kc4 Ke6 61. Rh5 Kd7 62. Kb5 bxc5 63. Rh7+ Kd6 64. Rh6+ 1-0

[Event "English Online Blitz Gp1"]
[Site "chess.com INT"]
[Date "2020.05.09"]
[Round "10"]
[White "Hebden, Mark L"]
[Black "Stojanas, Justinas"]
[Result "1-0"]
[WhiteTitle "GM"]
[WhiteElo "2453"]
[BlackElo "2106"]
[WhiteFideId "400084"]
[BlackFideId "12802328"]
[EventDate "2020.05.09"]
[EventType "blitz"]

1. d4 Nf6 2. Nf3 g6 3. g3 Bg7 4. Bg2 O-O 5. O-O d6 6. c4 c5 7. Nc3 cxd4 8. Nxd4
Nc6 9. Nxc6 bxc6 10. Bxc6 Rb8 11. Bg2 Qa5 12. Nb5 Be6 13. Bd2 Qa6 14. b3 Rfc8
15. Nd4 Bd7 16. e3 Bg4 17. Qe1 h5 18. h3 Bd7 19. Qe2 d5 20. cxd5 Qxe2 21. Nxe2
Rc2 22. Rfd1 Nxd5 23. Nd4 Bxd4 24. exd4 Nb4 25. Bxb4 Rxb4 26. d5 a5 27. Rdc1
Rxc1+ 28. Rxc1 a4 29. Rc7 axb3 30. axb3 Bf5 31. Rxe7 Rxb3 32. Re8+ Kg7 33. Rd8
Rb1+ 34. Kh2 Rb2 35. g4 hxg4 36. hxg4 Bxg4 37. d6 Be6 38. d7 Rd2 39. Bc6 Rd6 40.
Kg3 Kf6 41. Bb5 Rb6 42. Re8 Bxd7 43. Bxd7 Rb3+ 44. f3 Rb7 45. Bc6 Rc7 46. Bd5
Ra7 47. Re4 Rc7 48. Kg4 Rd7 49. Bc4 Rc7 50. Rd4 Ra7 51. f4 Rc7 52. Rd6+ Kg7 53.
Bd5 Ra7 54. Kg5 Rc7 55. f5 gxf5 56. Kxf5 Ra7 57. Bc4 Re7 58. Rd4 Rc7 59. Bd5 Ra7
60. Rg4+ Kf8 61. Ke5 Ke7 62. Rg7 Kf8 63. Rh7 Kg8 64. Rh2 Kg7 65. Rg2+ Kf8 66.
Rc2 Ke7 67. Re2 Kf8 68. Rf2 Kg7 69. Bc6 Ra5+ 70. Kd6 Ra7 71. Bd7 Ra6+ 72. Ke7 f6
73. Rg2+ Kh6 74. Be6 Kh5 75. Kxf6 Kh4 76. Rg4+ Kh5 77. Rg3 Kh4 78. Rh3# 1-0

[Event "English Online Blitz Gp1"]
[Site "chess.com INT"]
[Date "2020.05.09"]
[Round "10"]
[White "Vleeshhouwer, Douglas"]
[Black "Boyd, John"]
[Result "1-0"]
[WhiteElo "1960"]
[BlackElo "2212"]
[WhiteFideId "439061"]
[BlackFideId "405132"]
[EventDate "2020.05.09"]
[EventType "blitz"]

1. b3 e5 2. Bb2 d6 3. e3 Nc6 4. Ne2 Be6 5. f4 f6 6. c4 Bf7 7. Nbc3 Nge7 8. d4 g6
9. d5 Nb8 10. Qd2 Bg7 11. e4 O-O 12. g3 Nd7 13. O-O-O f5 14. Bg2 a6 15. h4 h5
16. Bf3 b5 17. cxb5 axb5 18. Kb1 b4 19. Nb5 Nc5 20. Rc1 fxe4 21. Bg2 Nxd5 22.
fxe5 Nd3 23. Bxe4 Nxc1 24. Rxc1 Ra5 25. Bxd5 Rxb5 26. e6 Bxb2 27. exf7+ Kg7 28.
Qxb2+ Qf6 29. Qxf6+ Kxf6 30. Rf1+ Ke5 31. Bc6 Rc5 32. Be8 d5 33. Rf4 Rb5 34. Nd4
Rb6 35. Nf3+ Ke6 36. Rd4 c5 37. Rf4 d4 38. Ng5+ Ke7 39. Kc2 Rxe8 40. fxe8=Q+
Kxe8 41. Kd3 Ke7 42. Kc4 Rc6 43. Nf3 Rc7 44. Ne5 Ra7 45. Nxg6+ Ke6 46. g4 hxg4
47. Rxg4 Rxa2 48. Kxc5 d3 49. Rd4 d2 50. Kxb4 Kf6 51. h5 Kg5 52. Nf4 Rc2 53. Rd3
Kxf4 54. h6 Rc6 55. Rxd2 Rxh6 56. Kb5 Ke5 57. b4 Rh8 58. Kb6 Rb8+ 59. Ka5 Ke6
60. b5 Ra8+ 61. Kb4 Ra1 62. b6 Rb1+ 63. Kc5 Rc1+ 64. Kb5 Rb1+ 65. Kc6 Rc1+ 66.
Kb7 Ke5 67. Kb8 Rh1 68. b7 Rh8+ 69. Ka7 Rh7 70. Rd8 Ke6 71. Ka8 Rh1 72. b8=Q
Ra1+ 73. Kb7 Rc1 74. Qd6+ Kf7 75. Rd7+ Kg8 76. Qb8+ Rc8 77. Qxc8# 1-0

[Event "English Online Blitz Gp1"]
[Site "chess.com INT"]
[Date "2020.05.09"]
[Round "11"]
[White "Horton, Andrew P"]
[Black "Willow, Jonah B"]
[Result "1/2-1/2"]
[WhiteTitle "IM"]
[BlackTitle "FM"]
[WhiteElo "2375"]
[BlackElo "2386"]
[WhiteFideId "424269"]
[BlackFideId "438804"]
[EventDate "2020.05.09"]
[EventType "blitz"]

1. Nf3 c5 2. c4 Nc6 3. g3 g6 4. Nc3 Bg7 5. Bg2 e6 6. d4 Nxd4 7. Nxd4 cxd4 8. Nb5
Qb6 9. Qa4 a6 10. e3 d3 11. O-O Ne7 12. Rd1 axb5 13. Qxa8 bxc4 1/2-1/2

[Event "English Online Blitz Gp1"]
[Site "chess.com INT"]
[Date "2020.05.09"]
[Round "11"]
[White "Okhai, Shabir"]
[Black "Storey, Charles H"]
[Result "1-0"]
[BlackTitle "FM"]
[WhiteElo "2099"]
[BlackElo "2220"]
[WhiteFideId "445134"]
[BlackFideId "406686"]
[EventDate "2020.05.09"]
[EventType "blitz"]

1. e4 g6 2. d4 Bg7 3. Nf3 c5 4. dxc5 Qa5+ 5. Nbd2 Qxc5 6. Bd3 Nc6 7. O-O Nf6 8.
Nb3 Qb6 9. Be3 Qc7 10. Qd2 b6 11. Bh6 O-O 12. Bxg7 Kxg7 13. Rfe1 Bb7 14. e5 Ng8
15. Be4 Nd8 16. Bxb7 Qxb7 17. Rad1 Rc8 18. c3 Rc7 19. Nbd4 Ne6 20. Nb5 Rc5 21.
a4 a6 22. Nbd4 Nxd4 23. Qxd4 Rd8 24. e6+ f6 25. exd7 Rc7 26. Ng5 Rcxd7 27. Ne6+
Kh8 28. Nxd8 1-0

[Event "English Online Blitz Gp1"]
[Site "chess.com INT"]
[Date "2020.05.09"]
[Round "11"]
[White "Roberson, Peter T"]
[Black "Walker, David J"]
[Result "1-0"]
[WhiteTitle "IM"]
[BlackTitle "FM"]
[WhiteElo "2437"]
[BlackElo "2271"]
[WhiteFideId "412384"]
[BlackFideId "400882"]
[EventDate "2020.05.09"]
[EventType "blitz"]

1. e4 e6 2. d4 d5 3. e5 c5 4. c3 Nc6 5. Nf3 Nh6 6. Na3 cxd4 7. cxd4 Bxa3 8. bxa3
Nf5 9. Rb1 Qa5+ 10. Bd2 Qxa3 11. Bb5 Bd7 12. O-O O-O 13. Rb3 Qxa2 14. Bc1 Ncxd4
15. Nxd4 Nxd4 16. Ra3 Qc2 17. Bxd7 Qxd1 18. Rxd1 Rfd8 19. Ba4 Rac8 20. Be3 Nc2
21. Bxc2 Rxc2 22. Rxa7 1-0

[Event "English Online Blitz Gp1"]
[Site "chess.com INT"]
[Date "2020.05.09"]
[Round "11"]
[White "Haydon, David L"]
[Black "Greet, Andrew N"]
[Result "1/2-1/2"]
[WhiteTitle "FM"]
[BlackTitle "IM"]
[WhiteElo "2294"]
[BlackElo "2417"]
[WhiteFideId "415405"]
[BlackFideId "405817"]
[EventDate "2020.05.09"]
[EventType "blitz"]

1. Nf3 f5 2. d4 Nf6 3. c4 e6 4. g3 d5 5. Bg2 Be7 6. Qc2 O-O 7. O-O c6 8. b3 b6
9. Bb2 Bb7 10. Nc3 Ne4 11. Ne5 Nd7 12. Nxd7 Qxd7 13. Rad1 Rac8 14. Nxe4 fxe4 15.
f3 exf3 16. exf3 Bf6 17. c5 bxc5 18. Qxc5 Rfe8 19. f4 Qe7 20. Qxe7 Rxe7 21. Ba3
Ree8 22. Rfe1 Kf7 23. Bc5 Be7 24. Bxe7 Rxe7 25. Bh3 c5 26. f5 exf5 27. Rxe7+
Kxe7 28. Bxf5 Rf8 29. Bxh7 cxd4 30. Rxd4 Kd6 31. Rg4 Rf7 32. Bg8 Re7 33. Rg6+
Kc5 34. Re6 Rxe6 35. Bxe6 Kd4 36. Kf2 Kc3 37. h4 d4 38. g4 d3 39. g5 d2 40. Bg4
g6 41. h5 gxh5 42. Bxh5 Be4 43. Ke3 Bc2 44. Bf3 d1=Q 45. Bxd1 Bxd1 46. g6 Bh5
47. g7 Bf7 48. Ke4 Kb2 49. Kd4 Kxa2 50. b4 Ka3 51. Kc5 Ka4 52. b5 Ka5 53. Kc6
Bg8 54. Kb7 Kxb5 55. Kxa7 1/2-1/2

[Event "English Online Blitz Gp1"]
[Site "chess.com INT"]
[Date "2020.05.09"]
[Round "11"]
[White "Golding, James"]
[Black "Zakarian, David"]
[Result "0-1"]
[BlackTitle "FM"]
[WhiteElo "2067"]
[BlackElo "2306"]
[WhiteFideId "427250"]
[BlackFideId "13301276"]
[EventDate "2020.05.09"]
[EventType "blitz"]

1. d4 Nf6 2. c4 c5 3. d5 e5 4. Nc3 d6 5. e4 Nbd7 6. g3 a6 7. a4 g6 8. Bg2 Bg7 9.
Nf3 O-O 10. O-O Ne8 11. Ne1 f5 12. Nd3 Ndf6 13. h3 fxe4 14. Nxe4 Nxe4 15. Bxe4
Bxh3 16. Bg2 Bxg2 17. Kxg2 Nf6 18. Bg5 Qd7 19. f3 Qf5 20. Bxf6 Qxf6 21. Nf2 e4
22. fxe4 Rf7 23. Qe2 Raf8 24. Rab1 Qd4 25. b4 Rxf2+ 26. Rxf2 Rxf2+ 27. Qxf2
Qxe4+ 28. Kh2 Qxb1 29. bxc5 dxc5 30. Qxc5 Qc2+ 31. Kh3 Qf5+ 32. Kh2 Bf8 33. Qc7
b5 34. axb5 axb5 35. d6 Qh5+ 36. Kg1 Qd1+ 37. Kh2 Qxd6 0-1

[Event "English Online Blitz Gp1"]
[Site "chess.com INT"]
[Date "2020.05.09"]
[Round "11"]
[White "Ghasi, Ameet K"]
[Black "Fernandez, Daniel Howard"]
[Result "1-0"]
[WhiteTitle "IM"]
[BlackTitle "GM"]
[WhiteElo "2485"]
[BlackElo "2466"]
[WhiteFideId "409200"]
[BlackFideId "5801605"]
[EventDate "2020.05.09"]
[EventType "blitz"]

1. Nf3 Nf6 2. g3 b5 3. Bg2 Bb7 4. O-O e6 5. d3 c5 6. e4 d5 7. Nbd2 Be7 8. e5
Nfd7 9. h4 Nc6 10. Re1 a5 11. Nf1 b4 12. Bf4 h6 13. h5 a4 14. Ne3 Nb6 15. Nd2 a3
16. b3 Nd4 17. Qg4 Kf8 18. Nf3 Nxf3+ 19. Bxf3 Nd7 20. Ng2 Nb8 21. Bd2 Nc6 22.
Nf4 Bg5 23. c3 Kg8 24. c4 Nd4 25. Be3 Nxf3+ 26. Qxf3 Be7 27. cxd5 Rc8 28. Rac1
exd5 29. e6 fxe6 30. Nxe6 Qb6 31. Qg4 Bf6 32. Bxc5 Qb5 33. Bd4 Rxc1 34. Rxc1 Kf7
35. Rc7+ 1-0

[Event "English Online Blitz Gp1"]
[Site "chess.com INT"]
[Date "2020.05.09"]
[Round "11"]
[White "Chow, Samuel"]
[Black "Williams, Simon K"]
[Result "1-0"]
[WhiteTitle "FM"]
[BlackTitle "GM"]
[WhiteElo "2345"]
[BlackElo "2464"]
[WhiteFideId "3202992"]
[BlackFideId "404454"]
[EventDate "2020.05.09"]
[EventType "blitz"]

1. d4 e6 2. g3 f5 3. Bg2 Nf6 4. b3 Be7 5. c4 O-O 6. Nf3 a5 7. a3 Ne4 8. O-O Bf6
9. e3 d6 10. Nfd2 Nxd2 11. Nxd2 e5 12. Bb2 Qe8 13. dxe5 dxe5 14. c5 Nc6 15. b4
e4 16. Bxf6 Rxf6 17. b5 Ne5 18. a4 Be6 19. Qc2 Rf8 20. Rfd1 Bf7 21. Nb3 Bh5 22.
Rdb1 Nf3+ 23. Kh1 Rd8 24. Rd1 Qe5 25. Rxd8 Rxd8 26. Rd1 Qe7 27. Rxd8+ Qxd8 28.
Nxa5 Ne1 29. Qc4+ Kh8 30. Qd4 Qc8 31. Nxb7 h6 32. Qd8+ Qxd8 33. Nxd8 Nd3 34. b6
cxb6 35. cxb6 Nc5 36. a5 Be8 37. Bf1 Bd7 38. a6 1-0

[Event "English Online Blitz Gp1"]
[Site "chess.com INT"]
[Date "2020.05.09"]
[Round "11"]
[White "Bedi, Adam"]
[Black "Davis, Holden"]
[Result "1-0"]
[WhiteElo "1803"]
[BlackElo "1882"]
[WhiteFideId "432997"]
[BlackFideId "440019"]
[EventDate "2020.05.09"]
[EventType "blitz"]

1. e4 e6 2. d4 d5 3. Nc3 Bb4 4. Bd2 Ne7 5. exd5 exd5 6. a3 Bd6 7. Nf3 Nbc6 8.
Be2 Bg4 9. h3 Bh5 10. Be3 f6 11. Qd2 Qd7 12. O-O-O O-O-O 13. Bf4 Bxf4 14. Qxf4
Kb8 15. Bb5 a6 16. Ba4 Nc8 17. Rhe1 Nb6 18. Bb3 Bf7 19. Re2 Rhe8 20. Rde1 Rxe2
21. Rxe2 Re8 22. Rxe8+ Qxe8 23. Qe3 Qd7 24. Ne2 Na5 25. Ba2 Nac4 26. Bxc4 Nxc4
27. Qd3 Bg6 28. Qc3 c6 29. Nd2 Nd6 30. Nf4 Bf7 31. Qe3 g5 32. Nd3 Nf5 33. Qf3
Nxd4 34. Qxf6 Ne6 35. Ne5 Qd8 36. Qxf7 Nd4 37. Qd7 Qxd7 38. Nxd7+ Kc7 39. Ne5
Ne2+ 40. Kd1 Nf4 41. Nf7 g4 42. hxg4 Nxg2 43. f3 Ne3+ 44. Kc1 c5 45. Ng5 h6 46.
Nf7 h5 47. gxh5 Nf5 48. h6 Ne7 49. h7 1-0